|
|
|
|
| LEADER |
00000nam0a2200000 4500 |
| 001 |
190219 |
| 005 |
20231101224253.0 |
| 010 |
|
|
|a 5982984086
|
| 035 |
|
|
|a (RuTPU)RU\TPU\book\207134
|
| 090 |
|
|
|a 190219
|
| 100 |
|
|
|a 20110119d2008 m y0rusy50 ca
|
| 101 |
0 |
|
|a rus
|
| 102 |
|
|
|a RU
|
| 105 |
|
|
|a a j 001zy
|
| 200 |
1 |
|
|a Методические основы расчета колонны бурильных труб
|e учебное пособие для подготовки бакалавров
|f К. И. Борисов, В. И. Рязанов
|g Томский политехнический университет (ТПУ)
|
| 205 |
|
|
|a 2-е изд.
|
| 210 |
|
|
|a Томск
|c Изд-во ТПУ
|d 2008
|
| 215 |
|
|
|a 75 с.
|c ил.
|
| 225 |
1 |
|
|a Учебники Томского политехнического университета
|
| 320 |
|
|
|a Библиогр.: с. 74.
|
| 330 |
|
|
|a В учебном пособии особое внимание уделяется вопросам проектирования и проверочного расчета бурильных колонн. Изложены методы определения основных расчетных нагрузок и напряжений, условия и запасы прочности и примеры расчетов. Пособие предназначено для студентов, обучающихся по направлению 130500, специальности 130504.
|
| 606 |
1 |
|
|a Бурильные трубы
|x Колонна
|x Силовые импульсы
|2 stltpush
|3 (RuTPU)RU\TPU\subj\68632
|9 83828
|
| 610 |
1 |
|
|a расчет
|
| 610 |
1 |
|
|a проектирование
|
| 610 |
1 |
|
|a усталость
|
| 610 |
1 |
|
|a прочность
|
| 610 |
1 |
|
|a учебные пособия
|
| 610 |
1 |
|
|a труды учёных ТПУ
|
| 675 |
|
|
|a 622.24.053(075.8)
|v 3
|
| 700 |
|
1 |
|a Борисов
|b К. И.
|c российский геолог
|c доцент Томского политехнического университета, кандидат технических наук
|f 1956-
|g Константин Иванович
|2 stltpush
|3 (RuTPU)RU\TPU\pers\24764
|
| 701 |
|
1 |
|a Рязанов
|b В. И.
|c горный инженер, геолог
|c доцент Томского политехнического университета
|g Виктор Иванович
|2 stltpush
|3 (RuTPU)RU\TPU\pers\26273
|
| 712 |
0 |
2 |
|a Томский политехнический университет (ТПУ)
|c (1991-2009)
|2 stltpush
|3 (RuTPU)RU\TPU\col\376
|
| 801 |
|
1 |
|a RU
|b 63413507
|c 20110119
|
| 801 |
|
2 |
|a RU
|b 63413507
|c 20160322
|g RCR
|
| 942 |
|
|
|c BK
|